Consonant Ending Europe Quiz Stats

Quiz Updated Jul 14, 2016

Challenge
Share
Tweet
Embed
Score 0/16 Timer 02:00
7 Plays Today
% Correct
Spain
94.1%
Sweden
93.6%
United Kingdom
90.6%
Portugal
90.5%
Finland
90.3%
Denmark
86.5%
Ireland
86.3%
Poland
84.6%
% Correct
Belgium
84.5%
Netherlands
82.2%
Switzerland
80.9%
Iceland
80.4%
Luxembourg
76.9%
Liechtenstein
70.5%
Belarus
67.1%
Cyprus
61%

You're not logged in!

Compare scores with friends on all Sporcle quizzes.
Sign Up with Email
OR
Log In

You Might Also Like...

Show Comments

Extras

Top Quizzes Today


Score Distribution

Your Account Isn't Verified!

In order to create a playlist on Sporcle, you need to verify the email address you used during registration. Go to your Sporcle Settings to finish the process.